Score 0/30 Timer 04:00
9 Plays Today
Trivia Question Answer % Correct
What movie production company made Cars, Finding Nemo and Inside Out?Pixar
95.8%
What number is both 4 squared and the square root of 256?sixteen
91.6%
What sport did Muhammad Ali, Mike Tyson, Joe Louis and Manny Pacquiao all participate in?boxing
89.3%
Which US state is the largest of the 48 contiguous states?Texas
89.1%
What is the term for a twisting spiral shape, like the double one found in DNA?helix
77.9%
What single-reed musical instrument was played by Ornette Coleman, Charlie Parker, John Coltrane and Bill Clinton?saxophone
74.7%
What was the name of King Arthur's sword that he was given by the Lady of the Lake?Excalibur
73.4%
Which movie series was revisited in 2015 with Tom Hardy in the lead and the subtitle 'Fury Road?'Mad Max
71.9%
What MLB baseball team from Boston had a World Series 'drought' from 1918 to 2004?Red Sox
71.5%
What 1999 futuristic movie featured Keanu Reeves as Neo and Laurence Fishburne as Morpheus?The Matrix
71.3%
Which of Santa's reindeer shares its name with a female fox?vixen
67.2%
What Showtime show featured Michael C. Hall as a serial killer who worked solving murders for the Miami PD?Dexter
66.6%
What TV warrior princess was played by Lucy Lawless?Xena
66.2%
What group of superheroes began with Cyclops, Marvel Girl, Beast, Angel, and Iceman?X-Men
64.8%
Which US President was brought down by the Watergate Scandal in 1974?Richard Nixon
63.5%
Trivia Question Answer % Correct
What 2-letter animal is part of the Chinese Zodiac?ox
62.8%
What name is shared by a Trojan War hero, a brand of cleanser and a football club from Amsterdam?Ajax
61.6%
What 2002 Vin Diesel action film had a sequel subtitled 'State of the Union' starring Ice Cube?xXx
59.6%
What is the number forty in Roman numerals?XL
58%
What is the name of the luxury car division of Toyota?Lexus
57.8%
What percussion instrument literally means 'wooden sound' because of its wood bars that get struck by mallets?xylophone
57.1%
What small European country is nestled between Germany, France and Belgium?Luxembourg
55.8%
What American oil company, the 5th largest company in the world, was formed in 1999 after a merger with Mobil?ExxonMobil
51%
What book by Miguel de Cervantes about a 'knight' who tilts at windmills inspired 'The Man of La Mancha'?Don Quixote
49.6%
What seminal English punk band features Sid Vicious and Johnny Rotten?Sex Pistols
47.3%
What Macedonian ruler, who succeeded his father Philip II, amassed one of the largest empires in history?Alexander III
46.4%
What is the term for either of the two lines that cross at the origin of the Cartesian coordinate plane?axis
41.2%
What noble gas is found on the periodic table between radon and krypton?xenon
39.4%
What most populous North American capital city hosted the 1968 Summer Olympics?Mexico City
35%
Which North American tribe includes 3 major divisions: Santee, the Yankton-Yanktonai and the Lakota?Sioux
34.6%
Remove Ads.
Support Sporcle.
Get the best of Sporcle when you Go Orange. This ad-free experience offers more features, more stats, and more fun while also helping to support Sporcle. Thank you for becoming a member.

You're not logged in!

Compare scores with friends on all Sporcle quizzes.
OR
Log In

Show Comments

Extras

Top Quizzes Today


Score Distribution

Your Account Isn't Verified!

In order to create a playlist on Sporcle, you need to verify the email address you used during registration. Go to your Sporcle Settings to finish the process.

Report this User

Report this user for behavior that violates our Community Guidelines.

Details: